Biggest Cities in North America with Exceptions - Statistics

General Stats
  • This quiz has been taken 407 times
  • The average score is 14 of 20
Answer Stats
Population City % Correct
22.10 mil Mexico City
99%
7.10 mil Toronto
98%
4.10 mil Montréal
93%
2.50 mil Vancouver
93%
2.23 mil Havana
89%
4.98 mil Guadalajara
87%
3.00 mil Guatemala City
85%
3.65 mil Santo Domingo
82%
4.65 mil Monterrey
80%
2.85 mil Port-au-Prince
78%
1.84 mil San José
77%
1.46 mil Panama CIty
75%
1.82 mil San Salvador
72%
1.88 mil Tijuana
70%
1.34 mil Managua
66%
2.98 mil Puebla
56%
1.44 mil Juárez
50%
1.80 mil León
40%
2.15 mil Toluca
28%
1.30 mil Torreón
14%
No matching quizzes found
Score Distribution
Percent of People with Each Score
Percentile by Number Answered
Your Score History
You have not taken this quiz